000 00952nac a22002897a 4500
001 BR8304661
003 BR-BrBNA
005 20240105115825.0
008 230509b bl.|||m| |||| 00| 0 por d
040 _aBR-BrBNA
_bpor
_cBiblioteca Nacional de Agricultura
072 _aL00
090 _a5214 BR8304661
110 1 _aEmpresa de Assistencia Tecnica e Extensao Rural da Bahia, Salvador (Brasil)
_93986
245 1 _aSistemas de producao para gado de leite, Cruz das Almas - Bahia [Brasil]
260 3 _aSalvador, BA (Brasil):
_c1983.
300 _a49 p.
490 _aSistema de Producao - Empresa de Assistencia Tecnica e Extensao Rural da Bahia (Brazil)
_vno. 9
_x
650 _aGADO LEITEIRO
650 _aSISTEMA DE PRODUCAO
650 _aMANEJO
650 _aNUTRICAO ANIMAL
650 _aDEFESA ANIMAL
650 _aCRUZ DAS ALMAS
650 _aBAHIA
909 _a202312
_bLúcia Elande
_c55
_dLúcia Elande
942 _2AGRIS
_n0
_cMS
999 _c276576
_d276576